Kształty powiatów województwa małopolskiego - nagła śmierć - Statystyki

Ogólne statystyki
  • Ten quiz został rozwiązany 26 razy
  • Średni wynik to 7 z 20
Answers on the Grid
Answers color-coded by a green-red scale on the quiz's grid according to % correct below.
 
Statystyki odpowiedzi
Odpowiedź % Poprawnych
wadowicki
56%
nowosądecki
56%
Kraków
56%
limanowski
56%
nowotarski
44%
krakowski
44%
suski
44%
myślenicki
44%
tatrzański
33%
proszowicki
33%
gorlicki
33%
wielicki
33%
chrzanowski
33%
Nowy Sącz
22%
bocheński
22%
brzeski
22%
miechowski
22%
olkuski
22%
oświęcimski
22%
tarnowski
22%
Nie znaleziono quizów pasujących do podanych kryteriów
Rozkład punktacji
Procent ludzi z każdym wynikiem
Percentyl według liczby udzielonych odpowiedzi
Twoja historia wyników
Nie rozwiązałeś tego quizu